000 00331nam a22001457a 4500
008 221109b ||||| |||| 00| 0 eng d
020 _a2740343224753
041 _aeng
080 _2FOURTH EDITION
_a610.73
082 _a610.73 CAR
100 _a8
101 _aINF
245 _aNURSING ASSISTANTS
_cCARTER P
942 _2udc
_cBK
999 _c58814
_d58814